000 00915nam a22002177a 4500
999 _c324
_d324
003 AR-CdUCM
008 190223b ||||| |||| 00| 0 spa d
040 _aMUNICIPALIDAD PROVINCIAL DEL CUSCO
_cBIBLIOTECA MUNICIPAL DEL CUSCO
082 _a868.6 /
_bG62
100 _aGómez de la Serna, Ramón
_91320
245 _aMis mejores páginas literarias /
260 _aMadrid :
_bGredos,
_c1957.
300 _a246 páginas ;
_bilustraciones,
_c19 cm.
440 _aBiblioteca romanica hispanica.
_nVI. Antologia hispanica.
_n10
_91321
505 _aContenido: El rastro -- Sagrada cripta de Pombo -- Gollerías -- Trampantojos -- Lo cursi -- Nostalgias de Madrid -- Explicación de Buenos Aires -- Greguerías -- Caprichos y fantasmagorías -- Cartas a las golondrinas -- Cartas a mí mismo.
650 _aLiteratura
_983
650 _aEnsayos
_9375
650 _aAntologia
_9142
942 _2ddc
_cLIBROS
945 _azta